| 000 | 00894nam a2200229Ia 4500 | ||
|---|---|---|---|
| 003 | GCL | ||
| 008 | 140319s9999 xx 000 0 ara d | ||
| 040 |
_aGCL / _cGCL |
||
| 082 | 0 | 4 |
_aق _b726.1 _bا م |
| 100 | 1 | _aالسيد عبدالعزيز سالم | |
| 245 | 1 | 0 |
_aالماذن المصرية : نظرة عامة عن اصلها وتطورها منذ الفتح العربى حتى الفتح العثمانى / _cالسيد عبدالعزيز سالم |
| 260 |
_aالقاهرة : _bمؤسسة شباب الجامعة |
||
| 300 |
_a40 ص ؛ _c26 سم |
||
| 650 | 0 | 4 | _aالعمارة الاسلامية |
| 650 | 0 | 4 | _aالاثار الاسلامية |
| 650 | 0 | 4 | _aالفن |
| 650 | 0 | 4 | _aالتاريخ الاسلامى فى العمارة الاسلامية |
| 650 | 0 | 4 | _aالماذن |
| 650 | 0 | 4 | _aالمساجد - مصر |
| 650 | 0 | 4 | _aالفن الاسلامى |
| 942 |
_2ddc _cBK |
||
| 999 |
_c30962 _d30962 |
||